000 00813nam a2200229Ii 4500
003 JO-AjNU
005 20240113123116.0
008 230605s9999||||xx |||||||||||||| ||und||
017 _a1997/9/1369
040 _aJO-AjNU
_bara
_erda
_cJO-AjNU
041 _aara
050 1 4 _aPJ6119 K42.1997
100 3 _aتأليف عبد الهادي، خير الدين,
_eauthor
_945626
245 0 0 _a سلسلة جامعة آل البيت لتعليم اللغة العربية لغير الناطقين بها، الجزء 1
264 3 1 _aعمان: جامعة آل البيت، 2007
300 _aج1، 260ص
336 _atext
_btxt
_2rdacontent
337 _aunmediated
_bn
_2rdamedia
338 _avolume
_bnc
_2rdacarrier
650 4 _aاللغة العربية -- دراسة وتعليم 
_948703
942 _2lcc
_cBK
999 _c23360
_d23360